| 000 | 00553nam a22001817a 4500 | ||
|---|---|---|---|
| 003 | CEME | ||
| 005 | 20210628202333.0 | ||
| 008 | 191224b xxu||||| |||| 00| 0 eng d | ||
| 040 | _c.. | ||
| 082 | _a621.815 NOR | ||
| 100 |
_aNorton, Robert L _918983 |
||
| 245 | _aDesign of machinery, an introduction to the synthesis and analysis of mechanisms and machines | ||
| 250 | _a2ND | ||
| 260 |
_aNEW YORK _bMCGRAW HILL _c1999 |
||
| 300 | _aXXI,809P | ||
| 650 |
_aMACHINERY-DESIGN; MACHINERY,KINEMATICS; MACHINERY DYNAMICS OF _959410 |
||
| 942 |
_cBK _2ddc |
||
| 999 |
_c569402 _d569402 |
||